[Event "AUT-ch"]
[Site "Moesern"]
[Date "1997.08.16"]
[Round "15"]
[White "Casagrande, Harald"]
[Black "Stanec, Nikolaus"]
[Result "0-1"]
[WhiteElo "2345"]
[BlackElo "2465"]
[Annotator "Ftacnik,L"]
[PlyCount "106"]
[EventDate "1997.08.??"]
[EventType "tourn"]
[EventRounds "15"]
[EventCountry "AUT"]
[EventCategory "6"]
[SourceTitle "CBM 059 Extra"]
[Source "ChessBase"]
[SourceDate "1997.09.26"]
[SourceVersion "1"]
[SourceVersionDate "1997.09.26"]
[SourceQuality "1"]

1. d4 Nf6 2. Nf3 g6 3. Bg5 Bg7 4. c3 O-O 5. Nbd2 d5 6. e3 Nbd7 7. Bd3 Re8 8. h3
e5 9. dxe5 Nxe5 10. Nxe5 Rxe5 11. Nf3 Re8 12. O-O c6 13. Qc2 ({Bekannt ist} 13.
Re1 Qb6 14. Bxf6 Bxf6 15. Qc2 Be6 16. Nd4 Bd7 17. a4 a5 18. Nf3 Qc5 19. Rad1 b5
20. axb5 cxb5 21. Qd2 b4 22. cxb4 Qxb4 23. Qxb4 axb4 24. Rd2 Ra2 25. Rb1 {
Smyslow-Kamsky, Manila (izt) 1990}) 13... Qa5 14. Bxf6 ({Sonst erlangt Schwarz
die Kontrolle über das Feld "e4", z.B.} 14. Nd2 Ne4 15. b4 Qc7 16. Bxe4 ({
Natürlich nicht} 16. Nxe4 dxe4 {denn nun scheitert} {an} 17. Bxe4 $2 Qe5) 16...
dxe4 17. Nxe4 Qe5 18. f3 Bf5 {mit etwas besserem Spiel für Weiß.}) 14... Bxf6
15. a3 Bd7 16. Rfd1 Rad8 17. b4 Qc7 18. Rab1 Bc8 19. c4 ({Das Läuferpaar gibt
in dieser halboffenen Stellung de, Nachziehenden das bessere Spiel. Keinen
Vorteil versprach hingegen} 19. Nd4 $5 b6 20. a4 a6 21. b5 $1 c5 22. Nc6 Rd7
23. e4 Bb7 24. exd5 Rxd5 25. Re1) 19... dxc4 20. Qxc4 ({Nach} 20. Bxc4 Bf5 21.
Bd3 Rxd3 22. Rxd3 Bxd3 23. Qxd3 Rd8 24. Qc2 Qd6 {stünde eher Schwarz etwas
besser.}) 20... Qe7 21. Qb3 ({Nicht} 21. b5 $2 {wegen} cxb5 22. Qxb5 Qxa3 {
und das schwarze Spiel ist klar vorzuziehen.}) 21... Rd6 22. Bc4 ({Auch nach} 
22. b5 Red8 {steht Schwarz etwas besser.}) 22... Red8 23. Rxd6 Rxd6 24. Rd1
Rxd1+ 25. Qxd1 a5 26. Qb3 ({Oder} 26. bxa5 Qxa3 27. Qd2 Kg7 {mit etwas
besserem Spiel für Schwarz.}) 26... b5 27. Bd3 Be6 28. Qc2 Bd7 ({Möglich war
auch} 28... axb4 29. axb4 Bd7 ({Nicht aber} 29... Qxb4 $2 {wegen} 30. Qxc6 {
mit Vorteil für Weiß.}) 30. Qb3) 29. Qb3 ({Nicht besser ist} 29. bxa5 Qxa3 30.
Qd2 Bc3 31. Qd1 Be8 {und Schwarz hat deutlichen Vorteil.}) 29... axb4 30. axb4
(30. Qxb4 $2 {verbietet sich wegen} Qxb4 31. axb4 Bc3 {und Schwarz gewinnt.})
30... Qd6 31. Ne1 Be6 32. Qa3 ({Das einzige, da nach} 32. Qc2 $2 Qxb4 33. Qxc6
{der Se1 einsteht.}) 32... Bd5 ({Nichts erreicht Schwarz mit} 32... Be7 33. Nc2
) 33. Be2 ({Auch nach} 33. Nc2 h5 {steht Schwarz etwas besser.}) 33... Be7 34.
Nd3 Bc4 35. Qc3 Bf6 ({Vielleicht bot} 35... Bxd3 36. Bxd3 Qxb4 37. Qxc6 Qe1+
38. Kh2 Qxf2 39. Qe8+ Bf8 40. Bxb5 {und Schwarz steht etwas besser, bessere
Verteidigungschancen.}) 36. Qc2 Be7 37. Bf1 Qf6 38. Qb1 ({Schwächer ist} 38.
Be2 Qa1+ 39. Kh2 Qa3 40. Kg3 {mit deutlichem Vorteil für Schwarz.}) 38... Qc3
39. g3 Kf8 40. h4 h5 41. Qd1 Kg8 ({Rascher gewann} 41... Bxb4 $1 42. Nxb4 Qxb4
43. Qd8+ Kg7 44. Qd4+ Kh7 45. Bxc4 Qxc4 {usw.}) 42. Qb1 Bd6 43. Qd1 (43. Kg2
Kf8 {ändert nichts am schwarzen Übergewicht.}) 43... Bxb4 44. Nxb4 Qxb4 ({Nach
} 44... Bxf1 45. Nxc6 Bc4 46. Qd8+ Kg7 47. Qd4+ Qxd4 48. exd4 f6 49. f3 {
steht Schwarz nur wenig besser.}) 45. Bg2 ({Falls} 45. Qd8+ {so} Kh7 46. Bxc4
Qxc4 {und der Tag ist für Schwarz entschieden.}) 45... Qc5 ({Stark war auch} 
45... c5 46. Qd8+ Kg7 47. Qe7 Qe1+ 48. Kh2 Qxf2 49. Qxc5 Bf1 $18 {und Schwarz
gewinnt.}) 46. g4 ({Auch} 46. Qd8+ Kg7 47. Qe8 b4 48. Qxc6 Qxc6 49. Bxc6 b3 50.
Be4 f5 51. Bb1 Bd5 {und Schwarz gewinnt, vermag die Niederlage nicht
abzuwenden.}) 46... hxg4 47. Qxg4 Be6 48. Qg3 Kh7 49. h5 Qxh5 ({Ebenso gewann} 
49... gxh5 50. Qf4 b4 51. Qe4+ Kg7) 50. Bxc6 b4 51. Bf3 Qc5 52. e4 b3 53. e5
Qd4 ({Den Sieg aus der Hand gegeben hätte hingegen} 53... b2 $2 54. Qh4+ Kg8
55. Qd8+ Qf8 56. Qb6) (53... Qd4 {und Weiß gab auf, denn nach} 54. Be2 b2 55.
Bd3 Qxd3 56. Qxd3 Bf5 {geht der b-Bauer zur Dame}) 0-1

[Event "Brno"]
[Site "Brno"]
[Date "1993.??.??"]
[Round "7"]
[White "Malaniuk, Vladimir P"]
[Black "Stohl, Igor"]
[Result "1/2-1/2"]
[WhiteElo "2635"]
[BlackElo "2545"]
[Annotator "Ftacnik,L"]
[PlyCount "51"]
[EventDate "1993.08.??"]
[EventType "tourn"]
[EventRounds "9"]
[EventCountry "CZE"]
[EventCategory "13"]
[SourceTitle "CBM 037"]
[Source "ChessBase"]
[SourceDate "1993.12.01"]
[SourceVersion "1"]
[SourceVersionDate "1993.12.01"]
[SourceQuality "1"]

1. d4 Nf6 2. Nf3 g6 3. Bg5 Bg7 4. Nbd2 d5 5. c3 O-O 6. e3 Nbd7 7. b4 c6 8. Be2
Re8 9. O-O e5 10. Rc1 a5 $5 (10... h6 11. Bh4 Qe7 12. Nb3 exd4 13. Nbxd4 a5 14.
a3 axb4 15. axb4 Nb6 16. Nd2 Be6 17. Qc2 Qd7 18. N2b3 Qc8 19. Nc5 Bg4 20. f3
Bd7 21. e4 Nh5 22. f4 Bg4 23. e5 Bxe2 24. Qxe2 $13 {Boensch,U-Stohl,I/Brno (6)/
1991/0.5 (34)}) (10... Qe7 11. Nb3 exd4 12. Nfxd4 Nb6 13. a3 h6 14. Bxf6 Bxf6
15. Na5 c5 16. bxc5 Qxc5 17. Bb5 Rd8 18. a4 a6 19. Nab3 Qc7 20. a5 axb5 21.
axb6 Qxb6 22. Rb1 Bd7 23. Nc1 Ra3 24. Nce2 $13 {Torre,E-Zueger,B/Lugano op (5)/
1989/0.5 (43)}) (10... e4 11. Ne1 Nf8 12. c4 Bf5 13. Nb3 h5 14. Na5 Qd7 15. b5
N8h7 16. Bh4 g5 17. g4 Be6 18. cxd5 Bxd5 19. Bg3 h4 20. Qa4 hxg3 21. fxg3 Rac8
22. bxc6 bxc6 23. Nc2 Be6 24. h3 $19 {Kovacevic,S-Mirzahodjaev,B/Pula op (9/11)
/1990/0-1 (31)}) 11. b5 (11. a3 Qe7) 11... c5 12. dxe5 (12. a4 h6 13. Bh4 b6
$10) 12... Nxe5 13. c4 (13. Nxe5 Rxe5 14. Nf3 Re8 15. c4 Be6 $10) 13... Nxc4
14. Nxc4 dxc4 15. Qxd8 Rxd8 16. Bxc4 h6 17. Bh4 (17. Bxf6 Bxf6 18. Rfd1 Be6 $10
) 17... g5 18. Bg3 Ne4 19. Be5 (19. Ne5 Be6 20. Bxe6 fxe6 21. Nc4 Nc3 $36)
19... g4 20. Bxg7 Kxg7 21. Ne5 f6 22. Nf7 $5 Rd7 23. Rfd1 Nd2 $1 (23... Rxf7
24. Bxf7 Kxf7 25. f3 gxf3 26. gxf3 Ng5 27. Rxc5 $36) 24. Be6 Rd3 25. Bc4 Rd7
26. Be6 1/2-1/2

[Event "Madrid"]
[Site "Madrid"]
[Date "1992.??.??"]
[Round "1"]
[White "Salov, Valery"]
[Black "Polgar, Judit"]
[Result "0-1"]
[WhiteElo "2655"]
[BlackElo "2550"]
[Annotator "Ftacnik,L"]
[PlyCount "112"]
[EventDate "1992.05.??"]
[EventType "tourn"]
[EventRounds "9"]
[EventCountry "ESP"]
[EventCategory "13"]
[SourceTitle "CBM 030"]
[Source "ChessBase"]
[SourceDate "1992.10.01"]
[SourceVersion "1"]
[SourceVersionDate "1992.10.01"]
[SourceQuality "1"]

1. d4 Nf6 2. Nf3 g6 3. Bg5 Bg7 4. Nbd2 d5 5. e3 O-O 6. Be2 Nbd7 7. O-O Re8 8.
c4 c5 $1 9. Rc1 cxd4 10. Nxd4 (10. exd4 dxc4 11. Nxc4 Nb6 $13) 10... Ne4 11.
Nxe4 (11. Bh4 $5) 11... dxe4 12. c5 Ne5 13. b4 $2 (13. c6 bxc6 14. Nxc6 (14. b3
Bd7 $15) 14... Nxc6 15. Rxc6 Qxd1 16. Rxd1 Bxb2 17. Bxe7 Rxe7 18. Rd8+ Kg7 19.
Rcxc8 Rxc8 20. Rxc8 Rd7 21. Rc2 $10) 13... Nd3 $1 14. Bxd3 exd3 15. Qxd3 $2 (
15. Bh4 f6 16. Bg3 e5 $17) 15... h6 16. Bh4 g5 17. Rfd1 (17. Bg3 e5 18. Rfd1
exd4 19. exd4 Qd5 $19) 17... gxh4 18. Qe4 Qc7 19. Qxh4 Bd7 20. Qe4 Rad8 21. a3
Qc8 22. h3 Kh8 23. Qh4 Ba4 24. Re1 Qd7 25. Rc4 e5 26. Nf3 Bc6 27. Qh5 Qd5 28.
Rg4 e4 29. Rg5 Qe6 30. Nh4 Kg8 31. Rg3 Rd5 32. Qe2 a6 33. Rd1 Red8 34. Rxd5
Rxd5 35. Qb2 Rg5 $1 $19 36. Qe2 Be5 37. Rg4 f5 38. Rxg5+ hxg5 39. f4 gxh4 (
39... exf3 40. Nxf3 Bf6 $19) 40. fxe5 Qxe5 41. Qf2 Qg3 42. Qd2 (42. Qxf5 Qxe3+
43. Kh1 Qe1+ 44. Kh2 Qg3+ 45. Kg1 e3 $19) 42... Kh7 43. Kh1 f4 44. Qd6 fxe3 45.
Qe7+ Kg6 46. Qe6+ Kg5 47. Qe7+ Kf5 48. a4 (48. Qf7+ Ke5 49. Qe7+ Kd4 50. Qf6+
Kd3 $19) 48... e2 49. Qf7+ Ke5 50. Qh5+ Ke6 51. Qxe2 e3 52. b5 axb5 53. axb5
Bd5 54. c6 bxc6 55. bxc6 Qxh3+ 56. Kg1 Qxg2+ {Ftacnik,L} 0-1

[Event "URS-chT Republics 19th Group1"]
[Site "Azov"]
[Date "1991.??.??"]
[Round "5"]
[White "Zilberman, Nathan R"]
[Black "Nasybullin, Vladislav"]
[Result "0-1"]
[WhiteElo "2400"]
[BlackElo "2330"]
[Annotator "Ftacnik,L"]
[PlyCount "70"]
[EventDate "1991.??.??"]
[EventType "team-tourn"]
[EventRounds "5"]
[EventCountry "URS"]
[SourceTitle "EXT 2020"]
[Source "ChessBase"]
[SourceDate "2019.10.17"]
[SourceVersion "1"]
[SourceVersionDate "2019.10.17"]
[SourceQuality "1"]
[WhiteTeam "Kirgizia"]
[BlackTeam "Kazakhstan"]
[WhiteTeamCountry "KGZ"]
[BlackTeamCountry "KAZ"]

1. d4 Nf6 2. Nf3 e6 3. Bg5 c5 4. e3 d5 5. Nbd2 Be7 6. c3 b6 7. Bd3 O-O 8. Ne5
Bb7 9. Qc2 {N} (9. Qb1 Nbd7 10. b4) (9. O-O Nbd7) 9... h6 10. Bh4 Nbd7 11.
O-O-O $5 (11. O-O Nxe5 12. dxe5 Nd7 13. Bxe7 Qxe7 14. f4 $13) 11... c4 (11...
Nxe5 12. dxe5 Ng4 13. Bg3 $1 Bh4 14. Nf3 Bxg3 15. hxg3 $40) 12. Be2 b5 13. g4
a5 (13... Nxe5 14. dxe5 Nd7 15. Bg3 a5 (15... d4 16. exd4 Bxh1 17. Rxh1 $146)
16. Rhg1 b4 $13) 14. Rdg1 b4 (14... Nxe5 15. dxe5 Nd7 16. Bxe7 Qxe7 17. g5 $1
$40) 15. g5 bxc3 $2 16. bxc3 $2 (16. gxf6 cxd2+ 17. Kb1 Nxf6 $17) (16. gxh6 $1
cxd2+ 17. Kb1 Ne8 (17... Ne4 18. Rxg7+ Kh8 19. Bxe7 Qxe7 20. Ng6+ fxg6 21. Rxe7
$18) 18. Rxg7+ Nxg7 19. Rg1 $18) 16... Ne8 (16... hxg5 17. Bxg5 $16) 17. Ndf3 (
17. gxh6 Bxh4 18. hxg7 Nxg7 19. Rxg7+ Kxg7 20. Rg1+ Kh8 21. Ng6+ fxg6 22. Qxg6
Qe7 $19) 17... Nxe5 18. dxe5 (18. Nxe5 hxg5 $17) 18... g6 (18... Rb8 19. gxh6
Bxh4 20. hxg7 Nxg7 21. Rg2 Kh8 22. Rhg1 Nf5 23. Nxh4 Nxh4 (23... Qxh4 24. Rg5)
24. Rg7 Nf5 25. R7g5 $18) 19. Nd4 h5 (19... hxg5 20. Nxe6 (20. f4 gxh4 21.
Rxg6+ fxg6 22. Qxg6+ Ng7 23. Nxe6 Ba3+ 24. Kd1 Qd7) 20... fxe6 21. Qxg6+ Ng7
22. Bxg5 Bxg5 23. Rxg5 Qd7 24. Rhg1 Rf7 25. Rh5 $40) 20. Bxh5 gxh5 21. g6 Ng7
$8 (21... Bxh4 22. gxf7+ Kh8 23. Qg6 $18) 22. gxf7+ Rxf7 23. Nxe6 $2 (23. Bxe7
Qxe7 24. Rg6 $132) 23... Ba3+ $1 24. Kd1 Qxh4 25. Nxg7 Qe4 $1 (25... Rxg7 26.
Rxg7+ Kxg7 27. Rg1+ Kf8 28. Qf5+) 26. Nxh5+ Kf8 27. Qxe4 dxe4 28. Nf4 Bc6 29.
Ne6+ Ke7 30. Nd4 Ba4+ 31. Ke2 Raf8 32. f4 (32. Rg2 Bb2 $19) 32... exf3+ 33. Kf2
Bc5 34. e6 Rh7 35. Rb1 Kd6 {Ftacnik,L} 0-1

[Event "Lazne Bohdanec"]
[Site "Lazne Bohdanec"]
[Date "1996.??.??"]
[Round "2"]
[White "Meduna, Eduard"]
[Black "Kaminski, Marcin"]
[Result "1-0"]
[WhiteElo "2435"]
[BlackElo "2525"]
[Annotator "Ftacnik,L"]
[PlyCount "65"]
[EventDate "1996.01.??"]
[EventType "tourn"]
[EventRounds "11"]
[EventCountry "CZE"]
[EventCategory "10"]
[SourceTitle "CBM 051"]
[Source "ChessBase"]
[SourceDate "1996.04.01"]
[SourceVersion "1"]
[SourceVersionDate "1996.04.01"]
[SourceQuality "1"]

1. d4 Nf6 2. Nf3 g6 3. Bg5 Bg7 4. Nbd2 d5 5. e3 O-O 6. Be2 Nbd7 7. O-O Re8 8.
b4 {Quite a good novelty in a well known position, white reserves the right to
play c2-c4 push a bit later.} (8. c4 e5 (8... c5 9. cxd5 (9. Bh4 cxd4 10. Nxd4
Nf8 11. Qb3 Qa5 12. N2f3 Bd7 13. Bxf6 Bxf6 14. cxd5 e5 15. dxe6 Nxe6 16. Bc4
Ba4 17. Qa3 Nxd4 18. exd4 b5 19. b4 Qb6 20. Bb3 Bxb3 {1/2-1/2 Chiburdanidze,
M-Xie Jun/Kuala Lumpur (10)/1994/}) (9. Rc1) (9. Qc2) (9. Qb3) 9... Nxd5 10.
Qb3 (10. Nc4 N7f6 11. dxc5 Qc7 12. Rc1 Rd8 13. Nd4 Qxc5 14. Bh4 Nf4 15. Bf3 Ne6
16. Nxe6 Bxe6 17. Qa4 b5 18. Qa5 Rac8 19. b4 Qc7 20. Bg3 Qxa5 21. Nxa5 {
1/2-1/2 Straeter,T-Mainka,R/Muenster op (08)/1993 (30)}) 10... N7b6 (10... N5b6
11. Rac1 (11. Ne4 cxd4 12. Nxd4 Bxd4 13. exd4 Nf8 14. Rfd1 Be6 15. Qg3 Bd5 16.
Nc5 Ne6 17. Bb5 {1-0 Delchev,A-Petrov,M/BUL-ch (03)/1994 (35)}) 11... cxd4 12.
Nxd4 a6 13. Ne4 Nf6 14. Nxf6+ exf6 15. Bf4 Nd7 16. Bf3 Ne5 17. Bd5 Qe7 18. h3
Rb8 19. Qb6 {Cifuentes Parada,R-Ye Jiangchuan/Tilburg (01) 10'/1994/1/2-1/2 
(90)}) (10... N5f6 11. Bc4 (11. Rac1 cxd4 12. Nxd4 Qa5 13. N2f3 a6 14. Bc4 Rf8
15. Qc2 Nb6 16. Bb3 e5 17. Bxf6 Bxf6 18. Ne2 {1-0 Piket,J-De Boer,G/NLD-ch (10)
/1991/ (45)}) 11... e6 12. Ne4 cxd4 13. Nxd4 h6 14. Nxf6+ Nxf6 15. Bh4 g5 16.
Bg3 Ne4 17. Rfd1 Qe7 18. Nb5 Nxg3 19. hxg3 Bd7 {1/2-1/2 Piankov,E-Hjelm,N/
Budapest FS08 IM (03)/1994/ (56)}) 11. Ne4 cxd4 12. Nxd4 Nf6 13. Nxf6+ exf6 14.
Bh4 Be6 15. Nxe6 Rxe6 16. Rfd1 Qe7 17. a4 Re4 18. Bg3 f5 19. Bd6 Qe6 20. Qb5
Be5 21. Bc5 Rc8 22. a5 Na4 23. Ba3 {1-0 Kastanieda,G-Umanskaya,I/Moscow-ch op 
(05)/1995 (29)}) (8... c6) (8... h6) 9. Rc1 exd4 (9... e4 10. Ne1 c6 11. cxd5
cxd5 12. Qb3 Qb6 13. Nc2 Qe6 $6 14. Nb4 Bf8 15. Bb5 $1 $18 {1-0 Salov,V-Kozul,
Z/Wijk (13)/1991/ (55)}) 10. Nxd4 h6 11. Bh4 dxc4 12. Nxc4 Nf8 (12... a6 13.
Qc2 Qe7 14. Rfd1 Nf8 15. Bf3 g5 16. Bg3 g4 17. Be2 Ne4 18. Bd3 Nxg3 19. hxg3
Ne6 20. Nf5 {1-0 Ostenstad,B-Lechtynsky,J/Trnava-B (09)/1989/ (47)}) 13. Nb5
Ne6 14. Qxd8 Rxd8 15. Rfd1 Bd7 16. Na5 Bxb5 17. Bxb5 Rxd1+ 18. Rxd1 Rd8 19.
Rxd8+ Nxd8 $10 {Nogueiras,J-Zapata,A/Guarapuava/1991/}) (8. Bh4 $5 e5 9. c4 e4
10. Ne1 c5 $6 (10... c6 $14) 11. Nc2 h6 12. cxd5 cxd4 13. Nxd4 Nb6 14. a4 $1
$16 {Certic,B-Abramovic,B/JUG-ch/1994/}) 8... e5 9. c4 exd4 (9... e4 10. Ne1 c6
11. b5 $14) 10. Nxd4 dxc4 (10... c5 $5 11. bxc5 Nxc5 12. Bf3 Ne6) 11. Nxc4 Nf8
(11... c5 12. Nb5) 12. Bf3 c6 (12... Ne6 13. Nxe6 Bxe6 14. Na5 $16) 13. b5 $1 {
The N pair on c4,d4 is controlling many squares and black has no compensation
for their efficiency.} c5 (13... cxb5 14. Nxb5 Ne6 15. Bh4 $16) 14. Nb3 Qe7 (
14... Ne6 15. Qxd8 Rxd8 16. Bxf6 Bxf6 17. Rad1 $14) 15. Rc1 Rd8 16. Qc2 Ne6 17.
Bh4 g5 $6 {The weakening of a pawn structure will only make long term
defensive plans more difficult to implement.} (17... Qe8 18. a4 $16) 18. Bg3
Nc7 (18... Nd5 19. Rfd1 Nb4 20. Rxd8+ Qxd8 21. Qb1 $16) 19. Nca5 $1 Ncd5 (19...
Nxb5 20. Nxc5 Nd5 21. Qb3 Ndc3 22. Naxb7 $16) 20. Nxc5 g4 (20... Bf8 21. Rfd1
$16) 21. Bxd5 Nxd5 (21... Rxd5 22. e4 Rxc5 23. Qxc5 Qxc5 24. Rxc5 b6 25. Rxc8+
Rxc8 26. Nc6 $16) 22. Qb3 h5 23. e4 Nb6 24. Naxb7 $1 {Efficient pieces are
bringing rewards in small combinations.} (24. Ncxb7 Rd2 25. Nc5) 24... Rd2 (
24... Bxb7 25. Nxb7 Rd7 (25... Qxb7 26. Rc7 $18) 26. Nc5 $18) 25. Na5 h4 (25...
Bd4 26. Nc6 $18) 26. Bf4 Rb2 27. Nc6 $1 Qe8 (27... Qxc5 28. Rxc5 Rxb3 29. axb3
$18) 28. Qd3 Rxa2 29. Bg5 (29. Rfd1 h3 30. Qd8 $18) 29... Nd7 30. Qd5 Nxc5 31.
Ne7+ Kh7 32. Qxa8 f6 (32... Bd7 33. Qxe8 Bxe8 34. Rxc5 $18) 33. Nxc8 1-0

[Event "Capablanca Memorial-A"]
[Site "Cienfuegos"]
[Date "1991.??.??"]
[Round "5"]
[White "Soppe, Guillermo"]
[Black "Hernandez Guerrero, Gilberto Eduardo"]
[Result "1-0"]
[WhiteElo "2425"]
[BlackElo "2525"]
[Annotator "Ftacnik,L"]
[PlyCount "73"]
[EventDate "1991.??.??"]
[EventType "tourn"]
[EventRounds "13"]
[EventCountry "CUB"]
[EventCategory "10"]
[SourceTitle "CBM 026"]
[Source "ChessBase"]
[SourceDate "1992.02.01"]
[SourceVersion "1"]
[SourceVersionDate "1992.02.01"]
[SourceQuality "1"]

1. d4 Nf6 2. Nf3 g6 3. Bg5 Bg7 4. Nbd2 d5 5. e3 O-O 6. Be2 (6. Bd3 Nbd7 7. O-O
Re8 8. c4 c5 (8... e5 $5) 9. cxd5 (9. Qb3 cxd4 10. exd4 dxc4 11. Bxc4 Rf8 12.
Ne5 Nxe5 13. dxe5 Ng4 14. e6 f6 15. Bf4 g5 16. Be3 $16 {Plachetka,J-Hausner,I/
Trnava A/1985/}) 9... Nxd5 10. Qb3 (10. Nc4 cxd4 11. Nxd4 Nc5 12. Be2 Ne6 13.
Nxe6 Bxe6 14. Qb3 Rb8 15. a4 a6 $15 {Silman,J-Kamsky,G/New York op/1991/})
10... N5b6 11. a4 cxd4 12. exd4 Nf6 13. a5 $14 {Johansen,D-Ftacnik,L/Sydney
Mercantile/1991/}) 6... Nbd7 7. O-O Re8 8. c4 c5 9. cxd5 Nxd5 10. Qb3 N5b6 (
10... N5f6 11. Rac1 cxd4 12. Nxd4 Qa5 13. N2f3 a6 14. Bc4 Rf8 15. Qc2 Nb6 16.
Bb3 e5 17. Bxf6 Bxf6 18. Ne2 $13 {Piket,Je-De Boer,G/NLD-ch/1991/ ~/=CBM 26})
11. Rac1 (11. a4 $5) 11... cxd4 12. Nxd4 h6 13. Bh4 Nf6 14. Nc4 (14. Bf3 e5 15.
Nb5 Qxd2 16. Rfd1 Qa5) 14... e5 15. Nf3 (15. Nxb6 Qxb6 16. Nf3 Qxb3 17. axb3
Be6 $10) 15... Nxc4 (15... e4 16. Nd4 $16) 16. Bxc4 Qe7 17. Nxe5 $1 Qxe5 18.
Bxf7+ Kh8 19. Bxe8 Nxe8 (19... Qxe8 20. Rfd1) 20. Rfd1 g5 (20... Qxb2 21. Qxb2
Bxb2 22. Rc2 Bg7 23. Rd8 $18) 21. Bg3 Qe7 22. Qb5 Kg8 (22... a6 23. Qb6 $16)
23. b3 a6 24. Qb6 Be6 25. e4 a5 26. e5 Ra6 27. Qb5 h5 28. h4 gxh4 29. Bxh4 Qxh4
(29... Qf7 30. Rd8 $18) 30. Qxe8+ Kh7 31. Rc7 Bh3 (31... Qg4 32. Rd8 $18) 32.
Rd8 Kh6 33. Rd6+ (33. Rxg7 Kxg7 34. Qh8+ Kg6 35. Rg8+ Kf5 36. Qh7+ $18) 33...
Rxd6 34. exd6 Qg4 (34... Bd4 35. Qf8+ Kg6 36. Qg8+ Kf5 37. Rf7+ Ke5 38. gxh3
$18) 35. Qe3+ Kg6 36. Rxg7+ (36. Qxh3 Qd1+ 37. Kh2 Be5+ 38. g3 Qxd6 $132) 36...
Kxg7 37. Qxh3 {Ftacnik,L} (37. Qxh3 Qd1+ 38. Kh2 Qxd6+ 39. Qg3+ $18) 1-0

[Event "Bled/Rogaska Slatina"]
[Site "Bled"]
[Date "1991.??.??"]
[Round "10"]
[White "Gostisa, Leon F"]
[Black "Sokolov, Ivan"]
[Result "0-1"]
[WhiteElo "2440"]
[BlackElo "2570"]
[Annotator "Ftacnik,L"]
[PlyCount "80"]
[EventDate "1991.06.??"]
[EventType "tourn"]
[EventRounds "13"]
[EventCountry "SLO"]
[EventCategory "12"]
[SourceTitle "CBM 024"]
[Source "ChessBase"]
[SourceDate "1991.10.01"]
[SourceVersion "1"]
[SourceVersionDate "1991.10.01"]
[SourceQuality "1"]

1. d4 Nf6 2. Nf3 g6 3. Bg5 Bg7 4. Nbd2 d5 5. e3 O-O 6. Be2 c5 7. c3 Qb6 8. Qb3
Nc6 9. O-O Bf5 10. dxc5 Qxc5 11. Nd4 (11. a4 e5 12. Qb5 Qd6 13. Rfd1 Bc2 14.
Nc4 $2 Qe6 15. Rd2 a6 16. Qc5 Ne4 $19 {Averkin,O-Ftacnik,L/Sochi/1982/}) 11...
Bc8 12. f4 {N} (12. Rfd1 e5 13. Qb5 Qd6 14. N4b3 a6 15. Qc5 (15. Qa4 h6 16. Bh4
Bd7 17. Bg3 Rfc8 18. Rac1 Bf8 19. Nc4 Qe6 20. Nb6 Nd4 21. Nxd4 Qxb6 22. Qb3 $10
{Govedarica,R-Banas,J/Trnava/1987/}) (15. Qd3 Qe6 16. e4 Rd8 17. exd5 Rxd5 18.
Qg3 $14 {Lechtynsky,J-Stohl,I/Trnava B/1989/}) 15... Qe6 16. c4 b6 17. cxd5
Nxd5 18. Qc4 h6 19. Bf3 Ncb4 $13 {Ye Rongguang-Ftacnik,L/Bacolod/1991/ ->CBexp
23}) 12... Nd7 13. Qb5 Qd6 (13... Nxd4 14. exd4 Bxd4+ 15. cxd4 Qxd4+ 16. Rf2
Qxd2 17. Bxe7 (17. Bg4 a6 $1) 17... Re8 18. Bb4 $36) 14. Bf3 Nb6 15. Rad1 Bd7
16. Qe2 a6 (16... e5 $5 17. Nb5 Qb8 18. fxe5 Nxe5 $13) 17. N4b3 Qc7 (17... e5
18. Ne4 Qe6 19. Nbc5 Qe8 20. Nf6+ Bxf6 21. Bxf6 $16) 18. e4 d4 $1 (18... dxe4
19. Nxe4 $14) 19. Nb1 (19. cxd4 Nxd4 20. Nxd4 Bxd4+ 21. Kh1 Bxb2 $132) (19. e5
dxc3 20. bxc3 f6 $13) 19... Be6 20. Qf2 (20. Nxd4 Nxd4 21. cxd4 Bc4 $17) 20...
dxc3 21. Nxc3 Nb4 22. Nd5 (22. f5 Bc4 23. Be2 $13) 22... N6xd5 23. exd5 Bf5 24.
g4 (24. Rc1 Qd6 25. Rfe1 f6 26. Bh4 Nd3 $17) 24... Bc2 25. Rc1 (25. Rd2 $5 Bxb2
26. Nd4) 25... Bxb2 26. Nd4 Rac8 (26... Bxd4 27. Qxd4 Nxa2 28. d6 exd6 29. Bh6
f6 30. Bd5+ $18) 27. Be4 Bxc1 (27... Bxd4 28. Qxd4 a5 29. a3 $18) 28. Rxc1 Qd7
$1 29. Nxc2 Nxc2 30. Rxc2 Qxg4+ 31. Kh1 (31. Qg2 Qd1+ 32. Qf1 Qd4+ $19) 31...
f6 32. d6 (32. Bh6 Rxc2 33. Bxc2 (33. Qxc2 Qh3 $19) 33... Rc8 $17) 32... Qd1+ (
32... fxg5 33. dxe7 Qd1+ 34. Kg2 Rfe8 $17) 33. Kg2 Rxc2 34. Bxc2 Qxd6 35. Bh6
Rc8 36. Bb3+ e6 $2 (36... Kh8 $17) 37. f5 (37. Qe3 Kf7 $19) 37... gxf5 38. Kh1
$2 (38. Qxf5 Qc6+ 39. Kg1 Qc5+ 40. Qxc5 Rxc5 41. Bxe6+ Kh8 $17) 38... Kf7 39.
Qe2 (39. Qxf5 Qc6+ 40. Kg1 Qc5+ 41. Qxc5 Rxc5 $19) 39... Qc6+ 40. Kg1 Rg8+ {
Ftacnik,L} 0-1